000 00630nam a2200241 a 4500
001 nice12345678
003 IN_TiNIC
005 20260116011639.0
008 050524s1912 dela grp 000 0 urd
020 _a
_c0.5
082 0 0 _a297.4
_bHAF1
100 _aHafizullah, Mohd Hafiz
245 _aBadi Sawaaneh Umri (life and Works of Khwaja Moinuddin Chishti)
260 _aDelhi
_bAfzal Press
_c1912
300 _a84p
500 _aincludes index and biblioraphy
505 2 _aworld christian books
650 _aSufism-Chishti
700 1 _aHafizullah, Mohd Hafiz
902 _bSRS
942 _cBK
999 _c3115
_d3115